000 00799nam a2200241 a 4500
003 OSt
005 20140311163006.0
008 040720s19uu xx 00 eng d
020 _a0-240-80509-7
050 _aKF 2805
_b.C74 2003
100 _aCreech, Kenneth
_930506
245 _aElectronic media law and regulation /
_cKenneth Creech.
250 _a4th ed.
260 _aOxford :
_bFocal press,
_cc2003.
300 _axxiii, 460 p. :
_c22 cm.
500 _aIncludes Index.
650 _aTelivision
_xLaw and legislation
_xUnited States.
_930507
650 _aRadio
_xLaw and legislation
_xUnited States.
_930508
650 _aMass media
_xLaw and legislation
_xUnited States.
_930509
650 _aInternet
_xLaw and legislation
_xUnited States.
_930510
942 _cBK
_2lcc
_kFOR
999 _c39312
_d39312